Logo BPK

Biblioteka

Politechniki Koszalińskiej

Transformacyjne decyzje i decyzyjne procesy / (Rekord nr 46161)

Szczegóły MARC
000 -ETYKIETA REKORDU
podpole kontrolne o stałej długości 00957nam a2200277 i 4500
001 - NUMER KONTROLNY REKORDU
pole kontrolne bg
015 ## - NUMER BIBLIOGRAFII NARODOWEJ
Numer bibliografii narodowej PB 8107/2005
020 ## - MIĘDZYNARODOWY ZNORMALIZOWANY NUMER KSIĄŻKI - ISBN
ISBN 8322925344
040 ## - ŹRÓDŁO KATALOGOWANIA
Instytucja, która utworzyła rekord BPK
041 0# - KOD JĘZYKA
Kod języka tekstu pol
Kod języka streszczenia lub abstraktu eng
080 ## - UNIWERSALNA KLASYFIKACJA DZIESIĘTNA - UKD
UKD 65.011:316.334.2(438)"1989/..."
920 ## - Międzynarodowy znormalizowany numer książki – ISBN
ISBN 83-229-2534-4
008 - POLE O STAŁEJ DŁUGOŚCI - DANE KONTROLNE
podpole kontrolne o stałej długości s pl f |000 0 pol
100 1# - NAZWA OSOBOWA
Nazwa osobowa Habuda, Ludwik
245 10 - TYTUŁ/ODPOWIEDZIALNOŚĆ
Tytuł Transformacyjne decyzje i decyzyjne procesy /
Pozostałe elementy strefy tytułu i oznaczenia odpowiedzialności Ludwik Habuda.
260 ## - STREFA ADRESU WYDAWNICZEGO
Miejsce wydania Wrocław :
Nazwa wydawcy/dystrybutora Wydaw. Uniwersytetu Wrocławskiego,
Data publikacji, dystrybucji/powstania dokumentu 2005.
300 ## - STREFA OPISU FIZYCZNEGO
Objętość 242 s. :
Inne cechy fizyczne err. ;
Rozmiary 24 cm.
490 1# - STREFA SERII I DOKUMENTU WIELOCZĘŚCIOWEGO - FORMA NIE DO WYSZUKIWANIA
Tytuł i oznaczenie odpowiedzialności serii Acta Universitatis Wratislaviensis,
ISSN 0239-6661 ;
Numeracja w obrębie serii no 2686
500 ## - UWAGI OGÓLNE
Tekst uwagi Streszcz. ang.
504 ## - UWAGA DOTYCZĄCA BIBLIOGRAFII
Informacje o bibliografii Bibliogr. s. 208-230. Indeksy.
650 #9 - HASŁO PRZEDMIOTOWE W FORMIE NAZWY OGÓLNEJ LUB JEDNOSTKOWEJ
Nazwa ogólna lub geograficzna Decyzje
Określnik ogólny gospodarka
651 #9 - HASŁO PRZEDMIOTOWE W FORMIE NAZWY GEOGRAFICZNEJ
Nazwa geograficzna Polska
Określnik ogólny gospodarka
-- socjologia
Określnik chronologiczny od 1989 r.
830 ## - HASŁO DODATKOWE SERII LUB DOKUMENTU WIELOCZĘŚCIOWEGO - TYTUŁ UJEDNOLICONY
Tytuł ujednolicony Acta Universitatis Wratislaviensis,
-- 0239-6661 ;
856 ## - LOKALIZACJA I DOSTĘP DO ELEKTRONICZNYCH DOKUMENTÓW ZDALNYCH
Link (URL) http://koha.tu.koszalin.pl/cgi-bin/koha/opac-detail.pl?biblionumber=46161
Tekst linku Katalog online BPK
942 ## - DODATKOWE ELEMENTY (KOHA)
Typ dokumentu Książka
Egzemplarze
Wycofany Status egzemplarza Uszkodzony Dostępność Lokalizacja stała Lokalizacja bieżąca Miejsce przechowywania Sygnatura Kod kreskowy Dział Typ dokumentu
      Tylko na miejscu Biblioteka Politechniki Koszalińskiej Biblioteka Politechniki Koszalińskiej Czytelnia Wydziałowa ul. Kwiatkowskiego 6e 75835 02250786 005 Zarządzanie Książka
      Dostępny Biblioteka Politechniki Koszalińskiej Biblioteka Politechniki Koszalińskiej Wypożyczalnia BG 75836 02250779   Książka
© 2023 Biblioteka Politechniki Koszalińskiej :: KOHA